Cambio social, biodiversidad y sustentabilidad del desarrollo (CAMBIOS): un enfoque de investigación-acción participativa, desde los actores sociales, Universidad Nacional (UNA), Heredia, Costa Rica /

সংরক্ষণ করুন:
গ্রন্থ-পঞ্জীর বিবরন
প্রধান লেখক: Camacho, Antonieta
বিন্যাস: পাঠ‍্য
বিষয়গুলি:
ট্যাগগুলো: ট্যাগ যুক্ত করুন
কোনো ট্যাগ নেই, প্রথমজন হিসাবে ট্যাগ করুন!

MARC

LEADER 00000 a a2200000 04500
001 12595
003
040
100 |a Camacho, Antonieta  
245 |a Cambio social, biodiversidad y sustentabilidad del desarrollo (CAMBIOS):   |b un enfoque de investigación-acción participativa, desde los actores sociales, Universidad Nacional (UNA), Heredia, Costa Rica /  |c Antonieta Camacho 
650 |a MEDIO AMBIENTE  
650 |a DESARROLLO SUSTENTABLE  
650 |a INVESTIGACION  
650 |a SOCIEDAD CIVIL  
650 |a DESARROLLO ECONOMICO  
650 |a PROGRAMAS  
773 |g volumen 3, número 1; páginas 122-131  
999 |c 20469  |d 20469